| 000 | 00932nam a2200253Ia 4500 | ||
|---|---|---|---|
| 003 | OSt | ||
| 005 | 20221005103930.0 | ||
| 006 | a|||||r|||| 00| 0 | ||
| 007 | ta | ||
| 008 | 221004b |||||||| |||| 00| 0 hin d | ||
| 020 |
_a8189441132 (hbk) _c750 |
||
| 024 | _a106030 | ||
| 037 |
_b1461, 17/03/2011, Kiran Book Service _cTextual |
||
| 040 |
_aCRL _cCRL _bhin |
||
| 041 |
_2hin _ahin |
||
| 082 | _a4:(X:8), 152Q1 | ||
| 100 | _aराय, राम प्रवेश | ||
| 245 | 0 |
_aमीडिया मैनेजमेन्ट _b समाचार - पत्र |
|
| 246 | _aMīḍiyā mainejamenṭa: samāchār - patra | ||
| 260 |
_aदिल्ली _bगौड़ पब्लिशर्स भारत _c2011 |
||
| 300 |
_a241पृ0 _ccm. |
||
| 942 |
_h4:(X:8), 152Q1 _cTEXL _2cc |
||
| 999 |
_c1011319 _d1011319 |
||